| 000 | 01114nam a22002897a 4500 | ||
|---|---|---|---|
| 008 | 130821s2008 xxua gr eng | ||
| 020 | _a415957362 | ||
| 020 | _a415957370 | ||
| 020 | _a9780415957366 | ||
| 020 | _a9780415957373 | ||
| 040 |
_aCo-BoUCM _bspa |
||
| 041 | 0 | 0 | _aeng |
| 245 | 0 | 0 |
_aEffective practice for adolescents with reading and literacy challenges _ceditado por Lou Denti y Gilbert Guerin |
| 260 |
_aNueva York (Estados Unidos) _bRoutledge _c2008 |
||
| 300 |
_axix, 227 páginas _bilustraciones |
||
| 504 | _aIncluye bibliografía e índice general. | ||
| 650 | 0 | 4 |
_aComprensión de lectura _911316 |
| 650 | 0 | 4 |
_aDesarrollo de la lectura _912942 |
| 650 | 0 | 4 |
_aLectura elemental _918314 |
| 650 | 0 | 4 |
_aLectura _xClases de recuperación _918308 |
| 650 | 0 | 4 |
_aTeoría de la educación _925273 |
| 700 | 1 |
_aDenti, Lou _eed. _9167071 |
|
| 700 | 1 |
_aGuerin, Gilbert _eed. _9167072 |
|
| 856 | 4 |
_zConsulte las tabla de contenido haciendo clic aquí _uhttp://www.loc.gov/catdir/toc/ecip0719/2007021580.html |
|
| 942 |
_cLIBRO _a1 _e1 _mE273 _2DEWEY _h372.41 _n0 |
||
| 999 |
_c67876 _d67876 |
||